ਭਿੳਙੀ / (Record no. 109744)

MARC details
000 -LEADER
fixed length control field 00972nam a22002537a 4500
005 - DATE AND TIME OF LATEST TRANSACTION
control field 20170123164142.0
010 ## - LIBRARY OF CONGRESS CONTROL NUMBER
LC control number B-081159
020 ## - INTERNATIONAL STANDARD BOOK NUMBER
Terms of availability 100.00
035 ## - SYSTEM CONTROL NUMBER
System control number B-081159
037 ## - SOURCE OF ACQUISITION
Source of stock number/acquisition Cen Lib / Ret
040 ## - CATALOGING SOURCE
Original cataloging agency DPL
Language of cataloging PN
082 ## - DEWEY DECIMAL CLASSIFICATION NUMBER
Classification number 851
Edition number ਮਾਨਸੁ
100 ## - MAIN ENTRY--PERSONAL NAME
Personal name ਸੁਖਵੰਤ ਕੌਰ ਮਾਨ
9 (RLIN) 50252
245 ## - TITLE STATEMENT
Title ਭਿੳਙੀ /
Statement of responsibility, etc ਸ਼ੁਖਵੰਤ ਕੌਰ ਮਾਨ
Remainder of title (ਗਾਲਾਪ ਕਾਵ )
246 ## - VARYING FORM OF TITLE
Title proper/short title Deohri : galap kaav /
Remainder of title by Sukhwant Kaur Maan
260 ## - PUBLICATION, DISTRIBUTION, ETC. (IMPRINT)
Place of publication, distribution, etc ਲੁਧਿਆਣਾ
Name of publisher, distributor, etc ਚੇਤਨਾ ਪ੍ਰਕਾਸ਼ਨ
Date of publication, distribution, etc 2003
270 ## - ADDRESS
Address ਪੰਜਾਬੀ ਬਵਨ
City ਲੁਧਿਆਣਾ
300 ## - PHYSICAL DESCRIPTION
Extent 88p.
Dimensions 22cm(Hb)
650 ## - SUBJECT ADDED ENTRY--TOPICAL TERM
Topical term or geographic name as entry element ਪੰਜਾਬੀ ਸਾਹਿਤ - ਕਵਿਤਾਵਾਂ
9 (RLIN) 780
650 ## - SUBJECT ADDED ENTRY--TOPICAL TERM
Topical term or geographic name as entry element ਪੰਜਾਬੀ ਕਵਿਤਾਵਾਂ
9 (RLIN) 136056
650 ## - SUBJECT ADDED ENTRY--TOPICAL TERM
Topical term or geographic name as entry element Punjabi Literature
9 (RLIN) 136057
650 ## - SUBJECT ADDED ENTRY--TOPICAL TERM
Topical term or geographic name as entry element Punjabi Poetry
9 (RLIN) 136058
942 ## - ADDED ENTRY ELEMENTS (KOHA)
Source of classification or shelving scheme Dewey Decimal Classification
Koha item type Punjabi Bks
Classification part 851
Call number suffix ਮਾਨਸੁ
Holdings
Withdrawn status Lost status Damaged status Not for loan Home library Current library Date acquired Source of acquisition Cost, normal purchase price Total Checkouts Full call number Barcode Date last seen Copy number Cost, replacement price Price effective from Koha item type
        Central Library Central Library 04/01/2016 Cen Lib/Ret 100.00   851 ਸ਼ੁਖਸ੍ਰ B-081159 04/01/2016 1 100.00 04/01/2016 Punjabi Bks

© Delhi Public Library
Hit Counter
free hit counter